Visualizzazione normale
Vista MARC
- Di Corrado, Giuseppe
di Personal Name
Records bibliografici associati: 2
001 - CONTROL NUMBER
- control field: 45
003 - CONTROL NUMBER IDENTIFIER
- control field: IT-RoPau
005 - DATE AND TIME OF LATEST TRANSACTION
- control field: 20121126102903.0
008 - FIXED-LENGTH DATA ELEMENTS
- fixed length control field: 121126|| aca||aabn | a|a d
040 ## - CATALOGING SOURCE
- Original cataloging agency: IT-RoPau
- Transcribing agency: IT-RoPau
100 ## - HEADING--PERSONAL NAME
- Personal name: Di Corrado, Giuseppe
670 ## - SOURCE DATA FOUND
- Source citation: Work cat.: (IT-RoPau)4546: Di Corrado, Giuseppe, La mano del Signore su di me, 1981